A parents' and teachers' guide to bilingualism

Αποθηκεύτηκε σε:
Λεπτομέρειες βιβλιογραφικής εγγραφής
Κύριος συγγραφέας: Baker, Colin 1949-
Μορφή: Βιβλίο
Γλώσσα:English
Δημοσίευση: Clevedon, Avon, England ; Philadelphia : Multilingual Matters, c1995
Σειρά:Bilingual education and bilingualism ; ; 5
Θέματα:
Ετικέτες: Προσθήκη ετικέτας
Δεν υπάρχουν, Καταχωρήστε ετικέτα πρώτοι!

MARC

LEADER 00000nam a2200000 i 4500
001 1/86242
008 980326s1995 eng d
020 |a 1-85359-265-X 
035 |l 10034920 
035 |a 1995  |b 2  |c Σκούρτου 
040 |a GR-MY-UA  |b gre  |e aacr 
041 0 |a eng 
082 0 |a 649.157  |2 (20) 
100 1 |a Baker, Colin  |d 1949- 
245 1 2 |a A parents' and teachers' guide to bilingualism /  |c Colin Baker 
260 |a Clevedon, Avon, England ; Philadelphia :   |b Multilingual Matters,   |c c1995 
300 |a xvi, 240 p.;  |c 23 cm 
490 1 |a Bilingual education and bilingualism  |v ; 5 
500 |a Περιέχει ευρετήριο 
650 0 0 |a Bilingualism in children  |x Handbooks, manuals, etc. 
650 0 0 |a Education, Bilingual  |x Handbooks, manuals, etc. 
830 0 |a Bilingual education and bilingualism ;  |v ; 5 
852 |a INST  |b RHODES  |e 19980326  |h 649.157 BAK  |p 005400011679  |q 005400011679  |t BK  |y 0 
852 |a INST  |b RHODES  |e 20010212  |h 649.157 BAK  |p 005400017313  |q 005400017313  |t BK  |y 0 
901 |a BIBL4-2001-1 
909 |a Ρ  |b 043496 
909 |a Ρ  |b 084093 
922 |a 4ΕΛΗ  |b 200011  |c ΚΠΣ/ΔΕ 
950 |a 095-2000-09-17 
970 |a ΧΟΡΟΖΙΔΟΥ  |b ΤΖΕΝΗ  |z 2001/02/12